LIBRARY ONLINE CATALOGUE

Children with disabilities and the law in Kenya : (Record no. 15505)

MARC details
000 -LEADER
fixed length control field 00518nam a22001692 4500
001 - CONTROL NUMBER
control field 0000024663
005 - DATE AND TIME OF LATEST TRANSACTION
control field 20151217161645.0
008 - FIXED-LENGTH DATA ELEMENTS--GENERAL INFORMATION
fixed length control field 140123s xx 000 0 eng d
040 ## - CATALOGING SOURCE
Original cataloging agency KABU
Transcribing agency KABU
100 1# - MAIN ENTRY--PERSONAL NAME
Personal name Mulinda, Masua Catherine.
-- 0000185045
245 10 - TITLE STATEMENT
Title Children with disabilities and the law in Kenya :
Remainder of title a review of the rights and obligations /
Statement of responsibility, etc. Masua Catherine Mulinda.
260 ## - PUBLICATION, DISTRIBUTION, ETC. (IMPRINT)
Date of publication, distribution, etc. 2013.
300 ## - PHYSICAL DESCRIPTION
Extent v, 42 leaves.
908 ## - PUT COMMAND PARAMETER (RLIN)
Put command parameter 140123
950 ## - LOCAL HOLDINGS (RLIN)
-- 1
Holdings
Withdrawn status Lost status Source of classification or shelving scheme Not for loan Home library Current library Date acquired Total Checkouts Full call number Barcode Date last seen Date last checked out Price effective from Koha item type
    Library of Congress Classification   Kabarak, Main Campus Kabarak, Main Campus 17/12/2015 1 Law PRO15 30/06/2016 30/06/2016 17/12/2015 Thesis, Dissertation and Projecs